MARC

LEADER 00000nas a2200000 a 4500
001 ssj0000389
003 WaSeSS
005 20200512172242.0
006 m d
007 cr n
008 000411c19989999mdubn p s o 0 a0eng c
010 |a cn 99302733   |z sn 98048173  
015 |a 993027334  |2 can 
015 |a 993027334  |2 can 
016 7 |a 100941705  |2 DNLM 
016 7 |a 010511713  |2 Uk 
016 |a (AMICUS)000019958490 
016 |a 993027334 
016 7 |a 100941705  |2 DNLM 
016 7 |a 010511713  |2 Uk 
022 |l 1481-1782  |y 1481-1782 
035 |a (WaSeSS)ssj0000389 
037 |b E L Kurdyla Publishing LLC, Box 958, Bowie, MS 20718-0958 
040 |a NLC  |b eng  |c NLC  |d OCLCQ  |d DLC  |d OEM  |d WYZ  |d WAU  |d NYG  |d EYM  |d IUL  |d NSD  |d NLM  |d OCLCQ  |d NLGGC  |d UQ1  |d DLC  |d OCLCQ  |d DLC  |d UKMGB  |d OCLCQ  |d OCLCF  |d OCLCQ  |d XFH  |d GILDS  |d OCLCQ  |d NLC  |d U3G  |d NJR  |d UKBTH  |d OCLCQ  |d WaSeSS 
042 |a nlc  |a isds/c  |a pcc 
050 0 0 |a Z675.S3  |b T23 
055 0 2 |a Z675* 
055 0 7 |a PER.REG.1999.803 
082 0 4 |a 027.8/05  |2 21 
130 0 |a Teacher librarian (Vancouver, B.C.) 
210 0 |a Teach. libr.  |b (Vanc.) 
222 0 |a Teacher librarian  |b (Vancouver) 
245 1 0 |a Teacher librarian  |h [electronic resource]. 
246 1 3 |a TL 
260 |3 1998- :  |a Vancouver, B.C ;  |a Seattle, Wash. :  |b Rockland Press,  |c ©1998- 
260 2 |3 <2005-> :  |a Lanham, MD :  |b Scarecrow Press 
260 3 |3 <June 2011-> :  |a Bowie, MD :  |b E L Kurdyla Pub. LLC 
310 |a Bimonthly (except July/Aug) 
362 0 |a Vol. 26, no. 1 (Sept./Oct. 1998)- 
500 |a Title from cover. 
500 |a Published: Lanham, MD : Scarecrow Press, <2005-> 
506 |a License restrictions may limit access. 
588 |a Latest issue consulted: Vol. 38, no. 5 (June 2011). 
650 0 |a School libraries  |v Periodicals. 
650 0 |a Instructional materials centers  |v Periodicals. 
650 6 |a Matériel didactique, Centres de  |v Périodiques. 
650 6 |a Bibliothèques scolaires  |v Périodiques. 
650 7 |a Instructional materials centers.  |2 fast  |0 (OCoLC)fst00974324 
650 7 |a School libraries.  |2 fast  |0 (OCoLC)fst01107511 
650 1 7 |a Jeugdbibliotheken.  |2 gtt 
650 1 7 |a Bibliotheekbeheer.  |2 gtt 
650 7 |a Bibliothèque scolaire.  |2 rasuqam 
650 7 |a Matériel didactique.  |2 rasuqam 
650 7 |a Centre de documentation.  |2 rasuqam 
655 0 |a Electronic journals. 
776 1 |t Teacher librarian  |w (OCoLC)42662676 
776 0 8 |i Also on microfilm:  |t Teacher librarian  |w (OCoLC)42470109 
780 0 0 |t Emergency librarian.  |x 0315-8888  |w (DLC)cn 76308823  |w (OCoLC)1780152 
850 |a DLC  |a MiU  |a N  |a WaU 
853 0 0 |8 1  |a v.  |b no.  |u 5  |v r  |i (year)  |j (month)  |w b  |x 09/10  |y om07/08 
856 4 0 |z Full text available from Research Library: 09/01/1998 to present  |u https://search.proquest.com/publication/38018 
863 |8 1.1  |a 26  |i 1998-1999 
886 2 |2 canmarc  |a 930  |b 0-  |a Teacher librarian (Vancouver, C.-B.) 
886 2 |2 canmarc  |a 990  |b 01  |a 93001a  |b 13001a